[Event "Campeonato de Aragon por Equipos 2009"]
[Site "Aragon"]
[Date "2009.02.07"]
[Round "3.31"]
[White "Galvez Perez Jose Luis"]
[Black "Andreu Sin Raul"]
[Result "0-1"]
[WhiteElo "2072"]
[BlackElo "2041"]

1.e4 e5 2.Nf3 Nc6 3.Bb5 a6 4.Ba4 Nf6 5.O-O b5 6.Bb3 Be7 7.Re1 d6 8.c3 O-O 9.h3
Na5 10.Bc2 c5 11.d4 Qc7 12.Bg5 Re8 13.Nbd2 c4 14.Nf1 Bd7 15.Qd2 Rad8 16.Ne3
Be6 17.g4 h5 18.Bxf6 Bxf6 19.g5 Be7 20.Nf5 g6 21.Nxe7+ Qxe7 22.Kh2 Rf8 23.Qe3
Qc7 24.d5 Bc8 25.Nh4 Nb7 26.a4 Nc5 27.axb5 axb5 28.Ra3 Bb7 29.f4 exf4 30.Qxf4
Qe7 31.Ra5 Bxd5 32.Rxb5 Bc6 33.Rb4 Rb8 34.Rd1 Rfd8 35.Rxc4 Rxb2 36.Rd2 Bxe4
37.Rxc5 dxc5 38.Rxd8+ Qxd8 39.Qxe4 Qd2+ 40.Ng2 Rxc2 41.Qe8+ Kg7 42.Qe5+ Kh7
43.Qe4 Qd6+ 0-1

[Event "Campeonato de Aragon por Equipos 2009"]
[Site "Aragon"]
[Date "2009.02.07"]
[Round "3.32"]
[White "Sig Vargas Pablo"]
[Black "Carraminana Lopez Luis Antonio"]
[Result "1/2-1/2"]
[WhiteElo "1877"]
[BlackElo "1961"]

1.e4 c5 2.Nc3 Nc6 3.f4 e6 4.Nf3 d5 5.Bb5 Nf6 6.Bxc6+ bxc6 7.d3 Be7 8.O-O O-O
9.Ne5 Qc7 10.g4 c4 11.g5 Nd7 12.Nxd7 Qxd7 13.d4 c5 14.Be3 dxe4 15.Nxe4 Bb7 16.
Ng3 Qc6 17.Qe2 f6 18.h4 fxg5 19.hxg5 cxd4 20.Bxd4 e5 21.Bxe5 Bc5+ 22.Kh2 Rae8
23.Rad1 Re6 24.Nh5 Rfe8 25.Rd2 Bd6 26.Qg4 Bxe5 27.fxe5 Bc8 28.Qf4 Qc7 29.Rdf2
Qxe5 30.Kg3 Qxf4+ 31.Rxf4 Re3+ 32.R1f3 Bb7 33.Rxe3 Rxe3+ 34.Kf2 Rh3 35.Rd4
Rxh5 36.Rd8+ Kf7 37.Rd7+ Kg6 38.Rxb7 Rh2+ 39.Ke3 Rxc2 40.Kd4 c3 41.bxc3 Rxa2
42.c4 Kxg5 43.Rxg7+ Kf6 1/2-1/2

[Event "Campeonato de Aragon por Equipos 2009"]
[Site "Aragon"]
[Date "2009.02.07"]
[Round "3.33"]
[White "Salamero Pelay Fernando"]
[Black "Hinojar Basa Alfonso"]
[Result "0-1"]
[WhiteElo "2167"]
[BlackElo "2216"]

1.e4 e6 2.d4 d5 3.Nd2 Nf6 4.e5 Nfd7 5.Bd3 c5 6.c3 Nc6 7.Ngf3 Qb6 8.O-O g6 9.h4
Bg7 10.dxc5 Nxc5 11.Nb3 Nd7 12.Be3 Qc7 13.c4 O-O 14.cxd5 exd5 15.Rc1 Ndxe5 16.
Nxe5 Qxe5 17.Qf3 Qxb2 18.Bb1 Qf6 19.Qxd5 Qxh4 20.Rc4 Qd8 21.Qc5 Be6 22.Ra4 Rc8
23.Qb5 b6 24.Be4 Ne5 25.Nd2 Bd7 26.Qa6 Bxa4 27.Qxa4 Qd7 0-1

[Event "Campeonato de Aragon por Equipos 2009"]
[Site "Aragon"]
[Date "2009.02.07"]
[Round "3.34"]
[White "Portero Garnica Miguel Angel"]
[Black "Gella Bitrian Diego"]
[Result "0-1"]
[WhiteElo "2179"]
[BlackElo "1864"]

1.e4 c5 2.Nf3 d6 3.d4 Nf6 4.Nc3 cxd4 5.Nxd4 a6 6.Be3 e5 7.Nb3 Be6 8.Be2 Be7 9.
O-O O-O 10.f4 exf4 11.Bxf4 Nc6 12.Bf3 Bc4 13.Re1 Ne5 14.Nd5 Nxd5 15.exd5 Bf6
16.c3 Nd3 17.Re4 Rc8 18.Bg4 Rc7 19.Na5 Nxb2 20.Qd2 Bd3 21.Qxb2 Bxe4 22.Qa3
Rxc3 23.Qb4 Bxd5 24.Rd1 Rc5 25.Nxb7 Bxb7 26.Bxd6 Rb5 27.Qc4 Qb6+ 28.Kh1 Re8
29.Bd7 Qxd6 0-1

[Event "Campeonato de Aragon por Equipos 2009"]
[Site "Aragon"]
[Date "2009.02.07"]
[Round "3.35"]
[White "Biarge Carnicer Arturo"]
[Black "Fabre Perez Jose Maria"]
[Result "1-0"]
[WhiteElo "1858"]
[BlackElo "2092"]

1.e4 e6 2.d4 d5 3.e5 c5 4.c3 Nc6 5.Nf3 Nh6 6.Be2 Nf5 7.Be3 Qb6 8.Qd2 Nxe3 9.
fxe3 Be7 10.O-O c4 11.Qc2 f5 12.exf6 Bxf6 13.Nbd2 O-O 14.e4 e5 15.exd5 exd4
16.Nxc4 Qc5 17.cxd4 Nxd4 18.Nxd4 b5 19.Kh1 Qxd4 20.Rad1 Qh4 21.Nd2 Bb7 22.Nf3
Qh5 23.Bxb5 Rac8 24.Bc6 Ba6 25.Rfe1 Bh4 26.Nxh4 Qxh4 27.Qa4 Bc4 28.b3 Rf2 29.
Qxc4 Qg5 30.Qe4 Rcf8 31.h3 h5 32.d6 R8f4 33.Qd5+ 1-0

[Event "Campeonato de Aragon por Equipos 2009"]
[Site "Aragon"]
[Date "2009.02.07"]
[Round "3.36"]
[White "Sebastian Bespin Ruben"]
[Black "Bellosta Lopez Pablo"]
[Result "1/2-1/2"]
[WhiteElo "2086"]
[BlackElo "1835"]

1.e4 c5 2.c3 Nf6 3.e5 Nd5 4.d4 cxd4 5.Bc4 e6 6.Bxd5 exd5 7.Qxd4 Qa5 8.b4 Qc7
9.Qxd5 Bxb4 10.Bb2 Bc5 11.Nd2 Bxf2+ 12.Kxf2 Qb6+ 13.Qd4 Qxb2 14.Ne2 Nc6 15.Qd6
Qb6+ 16.Nd4 Qd8 17.Rae1 Qe7 18.Nf5 Qg5 19.Ng3 Qe7 20.Rhf1 O-O 21.Kg1 Qxd6 22.
exd6 b6 23.Nf5 Ba6 24.Rf4 Rfe8 25.Ne7+ Nxe7 26.dxe7 d5 27.Nf3 Bc4 28.a4 Rac8
29.Nd4 Bd3 30.Nf5 Bxf5 31.Rxf5 Rc5 32.Ree5 f6 33.Rxd5 Rxd5 34.Rxd5 Rxe7 35.a5
Rc7 36.a6 Kf7 37.Rd8 Ke7 38.Ra8 Kd7 39.Rh8 h6 40.Rg8 Kc6 41.c4 b5 42.Kf2 bxc4
43.Rb8 c3 44.Ke2 c2 45.Kd2 Kd7 46.Kc1 f5 47.Rg8 g5 48.Rg7+ Kd6 49.Rg6+ Kd5 50.
Rxh6 Rc6 51.Rh5 Rxa6 52.Rxg5 Ke4 53.Kxc2 Ra2+ 54.Kc3 Ra1 55.g3 a5 56.Kb2 Rh1
57.Rh5 a4 58.Ka2 Rg1 59.Rh4+ Ke5 60.Ka3 Ra1+ 61.Kb4 Kf6 62.Kb5 Ra2 63.Ka5 Kg5
64.Kb4 f4 65.Rxf4 Rxh2 66.Kxa4 Rg2 67.Rf3 Kg4 68.Rf7 Rxg3 1/2-1/2

[Event "Campeonato de Aragon por Equipos 2009"]
[Site "Aragon"]
[Date "2009.02.07"]
[Round "3.37"]
[White "Fernandez Rubio Rafael"]
[Black "Carruez Berges Santiago"]
[Result "0-1"]
[WhiteElo "2025"]
[BlackElo "2124"]

1.e4 g6 2.d4 Bg7 3.c4 c6 4.Be3 d5 5.f3 dxe4 6.fxe4 Nf6 7.Qd3 Ng4 8.Nf3 e5 9.d5
f5 10.Nc3 Na6 11.O-O-O Qa5 12.d6 O-O 13.d7 Bxd7 14.Qxd7 Nxe3 15.Rd3 Nc5 16.
Qxg7+ Kxg7 17.Rxe3 Nxe4 18.Nxe4 fxe4 19.Rxe4 Qxa2 20.Bd3 Rf4 21.Rxf4 exf4 22.
Re1 Rd8 23.Kc2 Qa4+ 24.Kc3 Qa5+ 25.Kc2 Qc5 26.Re5 Qb4 27.h4 h6 28.Re6 Rd6 29.
Re7+ Kf6 30.Re4 g5 31.hxg5+ hxg5 32.Nd2 Qa4+ 33.Kc3 Qa5+ 34.Kc2 Re6 35.Rd4 Ke7
36.Ne4 Qe5 37.Nd6 Rxd6 38.Re4 Qxe4 39.Bxe4 Kf6 40.b4 Ke5 41.Bf3 Kd4 42.Kb3 Re6
0-1

[Event "Campeonato de Aragon por Equipos 2009"]
[Site "Aragon"]
[Date "2009.02.07"]
[Round "3.38"]
[White "Larrosa Poves Jose Manuel"]
[Black "Vera Jimenez Andres"]
[Result "0-1"]
[WhiteElo "2080"]
[BlackElo "2014"]

1.d4 Nf6 2.c4 g6 3.Nc3 d5 4.cxd5 Nxd5 5.e4 Nxc3 6.bxc3 Bg7 7.Be3 O-O 8.Rc1 c5
9.Nf3 cxd4 10.cxd4 Nc6 11.d5 Ne5 12.Nxe5 Bxe5 13.Bc4 b5 14.Be2 Qa5+ 15.Qd2
Qxd2+ 16.Bxd2 a6 17.f4 Bd4 18.Rc7 Ra7 19.Rxa7 Bxa7 20.Bb4 Re8 21.Kd2 Bb6 22.
Rc1 Bd7 23.a4 bxa4 24.Bxa6 Ra8 25.Bb7 Ra7 26.Bc6 Bxc6 27.Rxc6 Ba5 28.Kc3 a3
29.Bxa5 Rxa5 30.Kb4 a2 31.Rc1 a1=Q 32.Rxa1 Rxa1 33.Kc5 Kf8 0-1

[Event "Campeonato de Aragon por Equipos 2009"]
[Site "Aragon"]
[Date "2009.02.07"]
[Round "3.39"]
[White "Sierra Aguerri Joaquin"]
[Black "Larrosa Moles Marcos"]
[Result "1-0"]
[WhiteElo "1990"]
[BlackElo "1873"]

1.e4 c5 2.b4 e5 3.Nf3 Nf6 4.Bc4 Bd6 5.bxc5 Bxc5 6.d3 O-O 7.O-O Nc6 8.Bb2 d6 9.
h3 Qb6 10.Bb3 a5 11.a4 Be6 12.Nbd2 Rac8 13.Rb1 Qc7 14.c3 Ba7 15.Qe2 Bxb3 16.
Nxb3 d5 17.Ba3 Rfd8 18.Nc5 Bxc5 19.Bxc5 Qd7 20.Rfd1 Re8 21.Nd2 d4 22.Nc4 Rb8
23.Nb6 Qe6 24.c4 Nd7 25.Ba3 Nxb6 26.Rxb6 Qd7 27.Rdb1 Rec8 28.Qb2 Rc7 29.Qb5
Qd8 30.Qd5 h6 31.Bd6 Rd7 32.Qxc6 bxc6 33.Rxb8 Rxd6 34.c5 Rd7 35.Kf1 Kh7 36.
Rxd8 Rxd8 37.Rb6 Rc8 38.Ke1 Kg6 39.Kd2 Kf6 40.Kc2 Ke6 41.Ra6 Kd7 42.Rxa5 Rc7
43.Ra6 Rb7 44.Rb6 Kc7 45.a5 Ra7 46.a6 Kd7 47.Kb3 Kc7 48.Ka4 Kd7 49.Ka5 Kc7 50.
h4 h5 51.f3 g6 52.g3 f5 53.Rb2 Kc8 54.Rb1 Rc7 55.Kb6 Kb8 56.a7+ Rxa7 57.Kxc6+
Kc8 58.Rb3 Rc7+ 59.Kd6 Rd7+ 60.Ke6 Rc7 61.Rb5 Rc6+ 62.Kd5 Rc7 63.Rb6 1-0

[Event "Campeonato de Aragon por Equipos 2009"]
[Site "Aragon"]
[Date "2009.02.07"]
[Round "3.40"]
[White "Gregorio Cabello Alberto"]
[Black "Muro Turon Raul"]
[Result "1/2-1/2"]
[WhiteElo "1713"]
[BlackElo "1815"]

1.e4 e5 2.Nf3 Nf6 3.Nxe5 d6 4.Nf3 Nxe4 5.Nc3 Nxc3 6.dxc3 Be7 7.Be3 Nc6 8.Bd3
Bg4 9.h3 Bh5 10.g4 Bg6 11.Nd4 Ne5 12.Bxg6 hxg6 13.Qe2 Qd7 14.O-O-O O-O 15.f4
Nc6 16.h4 Nxd4 17.Bxd4 Bf6 18.h5 g5 19.h6 Bxd4 20.Rxd4 gxf4 21.hxg7 Kxg7 22.
Rh5 Rh8 23.Rg5+ Kf8 24.Rxf4 Qe7 25.Qxe7+ Kxe7 26.Rgf5 Rh7 27.Kd2 Rah8 28.Kd3
Rh3+ 29.Kc4 R8h7 30.Rb5 b6 31.Rbf5 Rh2 32.Kb3 Rg2 33.Rg5 a5 34.Rg8 Rd2 35.Rc4
Kd7 36.Rf4 Ke7 1/2-1/2

[Event "Campeonato de Aragon por Equipos 2009"]
[Site "Aragon"]
[Date "2009.02.07"]
[Round "3.41"]
[White "Cebrian Valverde Jose Antonio"]
[Black "Burillo Rodriguez Carlos"]
[Result "1-0"]
[WhiteElo "2200"]
[BlackElo "2125"]

1.d4 Nf6 2.c4 e6 3.g3 Bb4+ 4.Nd2 c5 5.dxc5 Qa5 6.Nf3 Qxc5 7.Bg2 Qxc4 8.O-O Qc7
9.Nb3 d5 10.Nbd4 Bd7 11.Bf4 Qb6 12.a4 O-O 13.Ne5 Nc6 14.Nxd7 Nxd7 15.Nb5 a6
16.Bc7 Qc5 17.Bd6 Qb6 18.Bxf8 Rxf8 19.Nc3 Nde5 20.e3 Nc4 21.Qe2 Bc5 22.Rfb1
Qb3 23.Bf1 Nb4 24.e4 Nc2 25.exd5 exd5 26.Nxd5 Nxa1 27.Qxc4 Qxc4 28.Bxc4 Nc2
29.b4 Na3 30.Rc1 Nxc4 31.bxc5 Na5 32.Ne7+ Kh8 33.c6 Nxc6 34.Nxc6 bxc6 35.Rxc6
Ra8 36.Kf1 Kg8 37.Ke2 Kf8 38.Kd3 Rd8+ 39.Kc2 Ra8 40.Rc7 Rb8 41.Rc6 Ra8 42.Kc3
Ke7 43.Kc4 Kd7 44.Kd5 a5 45.Rc5 Ra6 46.Kc4 Kd6 47.Kb5 Ra8 48.Rc6+ Kd7 49.Ra6
Rb8+ 50.Rb6 Rc8 51.Rb7+ Ke6 52.Rb6+ Ke7 53.Kxa5 Rc2 54.Ka6 Rxf2 55.a5 Rxh2 56.
Kb7 Rg2 57.Rb3 Rd2 58.a6 Rd7+ 59.Ka8 Rc7 60.Rb7 Kd8 61.Kb8 Rc6 62.Ka7 Kc8 63.
Rb8+ Kd7 64.Rb3 h5 65.Kb7 Rc7+ 66.Kb6 Rc6+ 67.Ka5 Rc5+ 68.Kb4 Kc6 69.a7 Rb5+
70.Ka4 1-0

[Event "Campeonato de Aragon por Equipos 2009"]
[Site "Aragon"]
[Date "2009.02.07"]
[Round "3.42"]
[White "Veras Sanz Martin Marino"]
[Black "Gimeno Oteo Marco Antonio"]
[Result "1-0"]
[WhiteElo "2081"]
[BlackElo "2161"]

1.Nf3 Nf6 2.g3 g6 3.Bg2 Bg7 4.O-O O-O 5.d4 d6 6.c4 Nc6 7.Nc3 a6 8.h3 Rb8 9.e4
e5 10.d5 Na5 11.Qe2 c5 12.dxc6 bxc6 13.c5 d5 14.exd5 Nxd5 15.Rd1 Nxc3 16.bxc3
Qe7 17.Ba3 Be6 18.Nd2 Qc7 19.Qxa6 e4 20.Bb4 Rb5 21.Nxe4 Bc8 22.Bxa5 Qxa5 23.
Qxc6 Bb7 24.Nf6+ Kh8 25.Qd6 Bxg2 26.Kxg2 Qxc3 27.Nd7 Rc8 28.Rac1 Qa5 29.Nb6
Rf8 30.Nd7 Rc8 31.c6 Qxa2 32.c7 Rb2 33.Qf4 Qe6 34.Nc5 Qe8 35.Ne4 Be5 36.Rd8
1-0

[Event "Campeonato de Aragon por Equipos 2009"]
[Site "Aragon"]
[Date "2009.02.07"]
[Round "3.43"]
[White "Gutierrez Minguenza Ruben"]
[Black "Bailo Remacha Santiago"]
[Result "0-1"]
[WhiteElo "2068"]
[BlackElo "2038"]

1.d4 g6 2.Nf3 Bg7 3.c4 b6 4.Nc3 Bb7 5.e4 c5 6.d5 d6 7.Bd3 Nd7 8.O-O Ngf6 9.h3
O-O 10.Bf4 a6 11.Qd2 Re8 12.Rfe1 Qc7 13.Bh2 Ne5 14.Nxe5 dxe5 15.f4 Bh6 16.g4
exf4 17.e5 Nd7 18.Bxf4 Nxe5 19.Bxe5 Qxe5 20.Qf2 Qd4 21.Rad1 Bg7 22.Qxd4 Bxd4+
23.Kf1 e6 24.Be4 f5 25.Bf3 e5 26.gxf5 gxf5 27.Ne2 Kg7 28.Ng3 Kf6 29.Rb1 e4 30.
Bd1 Rg8 31.Nh5+ Ke5 32.b4 Rg1+ 33.Ke2 Rg2+ 0-1

[Event "Campeonato de Aragon por Equipos 2009"]
[Site "Aragon"]
[Date "2009.02.07"]
[Round "3.44"]
[White "Galve Guinea Alejandro"]
[Black "Palomar Ramon Santiago"]
[Result "0-1"]
[WhiteElo "1956"]
[BlackElo "2022"]

1.d4 Nf6 2.c4 d6 3.Nf3 Bg4 4.Nc3 Nbd7 5.e4 e5 6.Be2 Be7 7.Be3 O-O 8.d5 Nh5 9.
h3 Bxf3 10.Bxf3 Nf4 11.g3 Ng6 12.h4 h6 13.Bg4 Re8 14.Qd2 Ngf8 15.O-O-O b6 16.
Rdg1 a5 17.Be2 Nc5 18.g4 g6 19.Bxh6 Bxh4 20.Bxf8 Bg5 21.Bh6 Bxd2+ 22.Kxd2 f6
23.g5 Kf7 24.gxf6 Rh8 25.Bg7 Rxh1 26.Rxh1 Nd7 27.Rh8 Qxh8 28.Bxh8 Rxh8 29.Bg4
Nxf6 30.Be6+ Ke7 31.Ke3 Nh5 32.Nb5 Kd8 33.Bg4 Nf4 34.Nc3 Rh4 35.Kf3 Rh1 36.Ke3
Ke7 37.Bd1 Rh3+ 38.f3 Rh2 39.b3 Kf6 40.a4 Rb2 41.Nb5 Ng2+ 42.Kd3 Ne1+ 43.Ke3
Nc2+ 44.Kd3 Nb4+ 45.Kc3 Rf2 46.Nxc7 Ke7 47.Ne6 Na6 48.Kd3 Nc5+ 49.Nxc5 bxc5
50.Ke3 Rh2 51.Be2 Kf6 52.Bd1 Kg5 53.Be2 Rh1 54.Bd3 Rh2 55.Be2 Rg2 56.Bd3 Rb2
57.Be2 Rxb3+ 58.Kd2 Kf4 0-1

[Event "Campeonato de Aragon por Equipos 2009"]
[Site "Aragon"]
[Date "2009.02.07"]
[Round "3.45"]
[White "Gavin Roche Enrique"]
[Black "Martinez Asensio Juan M"]
[Result "1-0"]
[WhiteElo "2278"]
[BlackElo "2180"]

1.d4 Nf6 2.c4 c5 3.d5 b5 4.f3 bxc4 5.e4 d6 6.Bxc4 g6 7.Ne2 Bg7 8.O-O O-O 9.
Nec3 Ba6 10.Nb5 Nbd7 11.a4 Nb8 12.Be2 Bc8 13.a5 Nfd7 14.Nd2 Na6 15.f4 Nb4 16.
Nc4 Nb8 17.Re1 N8a6 18.Bf3 Nc7 19.Nc3 Ba6 20.Be2 Nb5 21.Nxb5 Bxb5 22.Ne3 Rb8
23.Bxb5 Rxb5 24.Nc4 Qd7 25.Ra3 Rd8 26.Bd2 Bd4+ 27.Kh1 e6 28.Bc3 exd5 29.exd5
Bxc3 30.bxc3 Na6 31.Qd3 Nc7 32.Ra2 Rbb8 33.h3 Re8 34.Rxe8+ Rxe8 35.Rb2 Nb5 36.
Ne5 dxe5 37.Qxb5 Rd8 38.c4 exf4 39.Qxd7 Rxd7 40.Rb8+ Kg7 41.Rc8 Kf6 42.Rxc5
Ke5 43.Rc6 h5 44.h4 Kf5 45.d6 Kg4 46.Kh2 Rb7 47.Rc7 Rb4 48.d7 Rb2 49.d8=Q 1-0

[Event "Campeonato de Aragon por Equipos 2009"]
[Site "Aragon"]
[Date "2009.02.07"]
[Round "3.46"]
[White "Martin Catalan Juan Vicente"]
[Black "Lopez Guaita Fernando"]
[Result "1/2-1/2"]
[WhiteElo "2114"]
[BlackElo "2062"]

1.d4 d5 2.c4 e6 3.Nc3 Nf6 4.Nf3 Be7 5.Bf4 O-O 6.e3 b6 7.Ne5 Bb7 8.Bd3 c5 9.O-O
Nc6 10.cxd5 exd5 11.Rc1 Re8 12.Bb5 Rc8 13.Qa4 Nxe5 14.dxe5 Nh5 15.Bxe8 Qxe8
16.Qxe8+ Rxe8 17.Bg3 Nxg3 18.hxg3 f6 19.Rfd1 Rd8 20.e6 f5 21.Rd2 Bf6 22.Rcd1
Bxc3 23.bxc3 Re8 24.Kf1 Rxe6 25.Rxd5 Bxd5 26.Rxd5 Re4 27.Rd8+ Kf7 28.Rd7+ Re7
29.Rxe7+ Kxe7 30.c4 Kd6 31.Ke2 a6 32.Kd3 b5 33.Kc3 Ke5 34.f3 g5 35.Kb3 h5 36.
Kc3 Kd6 37.Kb3 Kc6 38.Kc3 Kd6 39.Kb3 Kc7 40.Kc3 Kb6 41.Kb3 Kb7 42.Kc3 Kc7
1/2-1/2

[Event "Campeonato de Aragon por Equipos 2009"]
[Site "Aragon"]
[Date "2009.02.07"]
[Round "3.47"]
[White "Bayod Rubia Angel"]
[Black "Dominguez Bujeda Jesus"]
[Result "0-1"]
[WhiteElo "2041"]
[BlackElo "2082"]

1.e4 c5 2.Nf3 Nc6 3.c4 g6 4.Nc3 Bg7 5.d3 d6 6.Be2 Nf6 7.O-O O-O 8.h3 Ne8 9.Nd5
Nc7 10.Nxc7 Qxc7 11.Nh2 Rb8 12.a4 a6 13.Rb1 b5 14.Bg4 bxc4 15.Bxc8 Rfxc8 16.
dxc4 Rb6 17.Ng4 Rcb8 18.Qd5 Nb4 19.Qd1 Na2 20.Nh6+ Bxh6 21.Bxh6 Nc3 22.Qd3
Nxb1 23.Rxb1 Rb3 24.Qd2 Qb7 25.Rd1 Qxe4 26.Re1 Qb7 27.Qg5 f6 28.Qg4 f5 29.Qg5
Kf7 30.Qd2 Rxb2 31.Qc3 e5 32.Rd1 Rb1 33.Bc1 Qe4 34.Qd2 Qd4 35.Qc2 R8b2 0-1

[Event "Campeonato de Aragon por Equipos 2009"]
[Site "Aragon"]
[Date "2009.02.07"]
[Round "3.48"]
[White "Gil Pineiro David"]
[Black "Ferrer Echevarri Francisco Javi"]
[Result "1-0"]
[WhiteElo "1929"]
[BlackElo "1969"]

1.e4 c5 2.d4 cxd4 3.c3 d3 4.Bxd3 d6 5.c4 g6 6.Nc3 Bg7 7.Nge2 Nc6 8.O-O Nh6 9.
f3 f6 10.Be3 Nf7 11.Rc1 b6 12.b3 h5 13.Qd2 Bh6 14.f4 Rg8 15.Nd5 g5 16.f5 Nce5
17.Kh1 Nxd3 18.Qxd3 Ne5 19.Qd2 Kf7 20.Nd4 Ng4 21.Nc6 Qd7 22.Ncxe7 Nxe3 23.Nxg8
Nxf1 24.Nxh6+ Kg7 25.Rxf1 Kxh6 26.Qd4 Qd8 27.Nxf6 Bb7 28.Nd5 Qf8 29.h4 Bxd5
30.hxg5+ Kxg5 31.exd5 Re8 32.Qf4+ Kf6 33.Qh4+ Kf7 34.Qxh5+ Ke7 35.Re1+ Kd7 36.
Qxe8+ 1-0

[Event "Campeonato de Aragon por Equipos 2009"]
[Site "Aragon"]
[Date "2009.02.07"]
[Round "3.49"]
[White "Romon Poves Raul"]
[Black "Malo Guillen Jose Luis"]
[Result "1-0"]
[WhiteElo "2251"]
[BlackElo "2162"]

1.d4 d5 2.c4 dxc4 3.Nf3 c5 4.e3 cxd4 5.Bxc4 Qc7 6.Bb3 dxe3 7.Bxe3 Nf6 8.O-O e6
9.Nc3 Nc6 10.Nb5 Qb8 11.g3 Be7 12.Bf4 e5 13.Nxe5 Nxe5 14.Re1 Nfd7 15.Qd5 O-O
16.Bxe5 Nxe5 17.Rxe5 Bf6 18.Re8 Be6 19.Rxb8 Bxd5 20.Rxa8 Rxa8 21.Bxd5 Bxb2 22.
Rb1 Be5 23.Bxb7 Rd8 24.Rc1 1-0

[Event "Campeonato de Aragon por Equipos 2009"]
[Site "Aragon"]
[Date "2009.02.07"]
[Round "3.50"]
[White "Alonso Blasco Jose Miguel"]
[Black "Gil Capape MA"]
[Result "1/2-1/2"]
[WhiteElo "2098"]
[BlackElo "2161"]

1.e4 c5 2.Nf3 d6 3.Bb5+ Nc6 4.O-O Bg4 5.h3 Bh5 6.c3 Nf6 7.d4 Qb6 8.Bxc6+ bxc6
9.e5 dxe5 10.dxe5 Nd7 11.Re1 e6 12.Nbd2 Qb5 13.c4 Qb4 14.Re3 Rd8 15.g4 Bg6 16.
Nh4 Nb6 17.Nxg6 hxg6 18.Qf3 Be7 19.Rb3 Qa4 20.Ra3 Qc2 21.Rc3 Qa4 22.Ra3 Qc2
23.Rc3 1/2-1/2

[Event "Campeonato de Aragon por Equipos 2009"]
[Site "Aragon"]
[Date "2009.02.07"]
[Round "3.51"]
[White "Argueso Pascual Jorge"]
[Black "Querol Soro Sergio"]
[Result "1-0"]
[WhiteElo "1978"]
[BlackElo "1959"]

1.d4 Nf6 2.c4 g6 3.Nc3 d5 4.cxd5 Nxd5 5.e4 Nxc3 6.bxc3 Bg7 7.Bc4 O-O 8.Ne2 c5
9.O-O Nd7 10.a4 Qa5 11.Rb1 Nb6 12.Bb3 Bd7 13.dxc5 Qxc5 14.Be3 Qc7 15.a5 Nc8
16.Bf4 e5 17.Bg5 Bc6 18.Qc2 Qxa5 19.Rfd1 Qc7 20.c4 Ne7 21.Nc3 f6 22.Be3 Rfd8
23.Nb5 Qb8 24.c5+ Kh8 25.Nd6 Be8 26.Qc4 a6 27.Qe6 Qc7 28.Nxe8 Rxd1+ 29.Rxd1
Rxe8 30.Rd7 Qc6 31.Rxe7 Qxe6 32.Rxe6 1-0

[Event "Campeonato de Aragon por Equipos 2009"]
[Site "Aragon"]
[Date "2009.02.07"]
[Round "3.52"]
[White "Mombiela de Sus Jose Luis"]
[Black "Argueso Palomino Manuel"]
[Result "1-0"]
[WhiteElo "1957"]
[BlackElo "1832"]

1.Nf3 d5 2.e3 Nf6 3.d4 e6 4.Bd3 Nbd7 5.O-O g6 6.Nbd2 c5 7.c3 Bg7 8.b4 c4 9.Bc2
O-O 10.a4 b6 11.Re1 Qc7 12.e4 Bb7 13.e5 Ng4 14.Ng5 Ngxe5 15.dxe5 Bxe5 16.Qg4
Nf6 17.Qh4 Rfe8 18.Re3 d4 19.cxd4 Bf4 20.Nde4 Bxe4 21.Bxe4 Rad8 22.Rh3 Nh5 23.
Nxh7 Qe7 24.Bxf4 Qxh4 25.Rxh4 Kxh7 26.Rxh5+ Kg7 27.Rh3 f6 28.Rd1 e5 29.Bh6+
Kf7 30.d5 f5 31.Bb1 Kf6 32.Rg3 Rd7 33.Bg5+ Kg7 34.Rc3 Rc8 35.Ba2 a6 36.Rxc4
Rxc4 37.Bxc4 1-0

[Event "Campeonato de Aragon por Equipos 2009"]
[Site "Aragon"]
[Date "2009.02.07"]
[Round "3.53"]
[White "Cid Royo Jonathan"]
[Black "Antonano Fernandez Avelino"]
[Result "1/2-1/2"]
[WhiteElo "2269"]
[BlackElo "2102"]

1.e4 Nc6 2.d4 d5 3.e5 Bf5 4.f4 f6 5.Nf3 e6 6.Bd3 Bxd3 7.Qxd3 Qd7 8.O-O Nh6 9.
Nc3 O-O-O 10.Ne2 Nf5 11.Bd2 h5 12.a4 Be7 13.b4 Nxb4 14.Bxb4 Bxb4 15.Rfb1 Ba5
16.Rb5 Bb6 17.a5 a6 18.Rb4 Ba7 19.Rab1 c5 20.Qc3 Qc6 21.Rxb7 Qxb7 22.Rxb7 Kxb7
23.exf6 gxf6 24.dxc5 Rc8 25.Qxf6 Rxc5 26.Kh1 Rh6 27.Qb2+ Rb5 28.Qa2 h4 29.h3
Rh7 30.Kh2 Bf2 31.Nc3 Ne3 32.Nxb5 1/2-1/2

[Event "Campeonato de Aragon por Equipos 2009"]
[Site "Aragon"]
[Date "2009.02.07"]
[Round "3.54"]
[White "Garcia Andres Daniel"]
[Black "Accattato Martin Mario"]
[Result "1-0"]
[WhiteElo "2039"]
[BlackElo "2084"]

1.e4 d6 2.Nc3 Nf6 3.f4 e5 4.Nf3 exf4 5.d4 d5 6.Bxf4 dxe4 7.Ng5 Bb4 8.Bc4 O-O
9.h4 h6 10.Nh3 Bg4 11.Qd2 e3 12.Qxe3 Re8 13.Be5 Nc6 14.Nf2 b5 15.Bb3 Nxd4 16.
O-O Nxb3 17.axb3 Bc5 18.Qf4 Rxe5 19.Qxe5 Bf5 20.Rad1 Bd6 21.Qd4 Nh5 22.Nxb5
Ng3 23.Rfe1 Bxc2 24.Rd2 Bg6 25.Nxd6 cxd6 26.Qxd6 Qxh4 27.Rd4 Nf5 28.Rxh4 Nxd6
29.Rd4 Nb5 30.Rd7 Bf5 31.Rd5 1-0

[Event "Campeonato de Aragon por Equipos 2009"]
[Site "Aragon"]
[Date "2009.02.07"]
[Round "3.55"]
[White "Cid Royo Oscar"]
[Black "Pellicer Abella Emilio"]
[Result "1/2-1/2"]
[WhiteElo "2080"]
[BlackElo "1813"]

1.d4 d5 2.Nf3 Nf6 3.Bf4 e6 4.c3 Nbd7 5.e3 Ne4 6.Bd3 f5 7.Ne5 Ndf6 8.Nd2 Be7 9.
f3 Nd6 10.Qe2 O-O 11.O-O-O Nf7 12.g4 c5 13.gxf5 exf5 14.Rhg1 c4 15.Qg2 Ne8 16.
Nexc4 dxc4 17.Bxc4 Qa5 18.Bh6 Bf6 19.f4 Qc7 20.Bg5 Qe7 21.Bxf6 Qxf6 22.Qg3
1/2-1/2

[Event "Campeonato de Aragon por Equipos 2009"]
[Site "Aragon"]
[Date "2009.02.07"]
[Round "3.56"]
[White "Campo Berdala Carlos"]
[Black "Accattato Martin Nicola"]
[Result "1/2-1/2"]
[WhiteElo "1619"]
[BlackElo "1875"]

1.c4 e5 2.g3 g6 3.Bg2 Bg7 4.Nc3 Ne7 5.d3 Nbc6 6.e3 O-O 7.Nge2 f5 8.O-O d6 9.b3
Be6 10.d4 exd4 11.exd4 d5 12.c5 Qd7 13.Re1 Rae8 14.Be3 h6 15.Nf4 Bf7 16.h4 b6
17.Na4 Nd8 18.Qd2 Kh7 19.Rac1 Ne6 20.cxb6 cxb6 21.Nxe6 Bxe6 22.Rc2 Rc8 23.Rxc8
Qxc8 24.Nc3 Qc6 25.Ne2 a5 26.Nf4 Bf7 27.Nd3 Ng8 28.Ne5 Qe8 29.Nxf7 Qxf7 30.Qe2
Nf6 31.Qb5 Qe6 32.Qd3 Ne4 33.Bxe4 fxe4 34.Qb5 Bf6 35.Qe2 h5 36.Kg2 Kg7 37.Qd1
Kf7 38.Qe2 Qc6 39.Qd2 a4 40.Qb4 axb3 41.axb3 1/2-1/2

[Event "Campeonato de Aragon por Equipos 2009"]
[Site "Aragon"]
[Date "2009.02.07"]
[Round "3.57"]
[White "Laliena Solares Luis"]
[Black "Gonzalvo Lara Victor"]
[Result "0-1"]
[WhiteElo "2233"]
[BlackElo "2108"]

1.e4 c5 2.Nf3 d6 3.d4 cxd4 4.Nxd4 Nf6 5.Nc3 a6 6.Qf3 e5 7.Nf5 Nc6 8.Be3 g6 9.
Nh6 Nd4 10.Qd1 Qb6 11.Ne2 Bxh6 12.Bxh6 Qxb2 13.Rc1 Nxe4 14.c3 Nf5 15.Qa4+ Bd7
16.Qxe4 Nxh6 17.Rb1 Qxa2 18.Rxb7 Rd8 19.Nc1 Qa3 20.Kd2 O-O 21.Bc4 d5 22.Bxd5
Bc6 23.Rb3 Bxd5 24.Rxa3 Bxe4+ 25.Ke2 Bxg2 26.Rg1 Bd5 0-1

[Event "Campeonato de Aragon por Equipos 2009"]
[Site "Aragon"]
[Date "2009.02.07"]
[Round "3.58"]
[White "Jaques Burguete Raul"]
[Black "Latorre Abad Fernando"]
[Result "0-1"]
[WhiteElo "2100"]
[BlackElo "2056"]

1.e4 e5 2.Nf3 d6 3.d4 Bg4 4.dxe5 Nd7 5.exd6 Bxd6 6.Be2 Ngf6 7.Bg5 Qe7 8.Nc3
O-O 9.Nd2 Bxe2 10.Qxe2 c6 11.O-O-O Be5 12.Qf3 b5 13.Rhe1 b4 14.Na4 Nb6 15.Qb3
Nxa4 16.Qxa4 Bxb2+ 17.Kb1 Qc7 18.Nc4 Bc3 19.Re3 Rfd8 20.Red3 Rxd3 21.cxd3 Bd4
22.f4 Nd7 23.Qa5 Nb6 24.Nxb6 Bxb6 25.Qxb4 Rb8 26.Kc2 Ba5 27.Qc4 Qb6 28.d4 Qb2+
29.Kd3 Qxg2 30.d5 Rb2 31.Kd4 Rb4 32.dxc6 Rxc4+ 33.Kxc4 Qc2+ 34.Kb5 Qxd1 35.
Kxa5 f6 36.Ka6 Qd4 0-1

[Event "Campeonato de Aragon por Equipos 2009"]
[Site "Aragon"]
[Date "2009.02.07"]
[Round "3.59"]
[White "Cobo Garrido Diego Israel"]
[Black "Moreno Gracia David"]
[Result "1-0"]
[WhiteElo "2026"]
[BlackElo "1911"]

1.d4 Nf6 2.Nf3 e6 3.Bg5 d5 4.e3 Be7 5.Bd3 O-O 6.Nbd2 b6 7.Ne5 Bb7 8.c3 Nbd7 9.
Qf3 h6 10.Bf4 Nxe5 11.dxe5 Nd7 12.h4 Nc5 13.Bc2 d4 14.e4 dxc3 15.bxc3 Bxh4 16.
Bxh6 gxh6 17.Qg4+ Qg5 18.Qxh4 Qxh4 19.Rxh4 Kg7 20.Ke2 Rad8 21.Rah1 Ba6+ 22.Ke3
Rh8 23.R1h3 Bd3 24.Bd1 Ba6 25.Be2 Bd3 26.Nb3 Nxb3 27.axb3 Bc2 28.Bc4 c6 29.
Rg4+ Kf8 30.Rf4 Ke7 31.b4 a5 32.bxa5 bxa5 33.Rh1 Rb8 34.Kd4 a4 35.Ra1 Rhd8+
36.Kc5 Bb3 37.Rf3 Rd2 38.Bxb3 axb3 39.Ra7+ Ke8 40.Raxf7 Rb5+ 41.Kxc6 Rc5+ 42.
Kxc5 1-0

[Event "Campeonato de Aragon por Equipos 2009"]
[Site "Aragon"]
[Date "2009.02.07"]
[Round "3.60"]
[White "Solanas Godes Beatriz"]
[Black "Gimeno Diaz Fernando"]
[Result "1-0"]
[WhiteElo "1773"]
[BlackElo "1890"]

1.e4 c5 2.Nf3 d6 3.d4 cxd4 4.Nxd4 Nf6 5.Nc3 e6 6.Bg5 Be7 7.Qd2 O-O 8.Ndb5 a6
9.Bxf6 gxf6 10.Nd4 b5 11.a3 Bb7 12.Bd3 Nc6 13.Nxc6 Bxc6 14.Qh6 Qb6 15.g4 Qd4
16.Ne2 Qxb2 17.e5 f5 18.gxf5 f6 19.fxe6 f5 20.Rg1+ Bg5 21.Rxg5+ 1-0

[Event "Campeonato de Aragon por Equipos 2009"]
[Site "Aragon"]
[Date "2009.02.07"]
[Round "3.61"]
[White "Horton Justin"]
[Black "Garcia Lopez Alberto J"]
[Result "1-0"]
[WhiteElo "2137"]
[BlackElo "1971"]

1.d4 Nf6 2.Nf3 g6 3.c4 Bg7 4.g3 c5 5.Bg2 d6 6.O-O O-O 7.Nc3 Na6 8.d5 Bd7 9.Re1
Rb8 10.e4 Nc7 11.a4 a6 12.e5 Ng4 13.exd6 exd6 14.Bf4 Bc8 15.Qd2 b5 16.axb5
axb5 17.b3 bxc4 18.bxc4 Ba6 19.Rxa6 Nxa6 20.Nb5 Rb6 21.Qe2 Nc7 22.Na7 Re8 23.
Qd1 Rxe1+ 24.Nxe1 Ne5 25.Nc6 Nxc6 26.dxc6 Bf8 27.Bd5 Qf6 28.Kg2 g5 29.Qg4 h6
30.h4 Be7 31.hxg5 hxg5 32.Nf3 Ne6 33.c7 Nxc7 34.Bxg5 Qg6 35.Qc8+ Bf8 36.Be7
Qg7 37.Qxc7 Rb2 38.Qd8 Rxf2+ 39.Kxf2 Qb2+ 40.Kf1 Qb1+ 41.Kg2 Qc2+ 42.Kh1 Qd1+
43.Ng1 Qh5+ 44.Kg2 Qh6 45.Qxf8+ Qxf8 46.Bxf8 Kxf8 1-0